MARC

Tag First Indicator Second Indicator Subfields
LEADER 00000cam a2200000Ia 4500
001 in00002647521
006 m d
007 cr cn|
008 090518s2002 ne a ob 001 0 eng d
005 20260609193552.2
020 |a 9780444529138 
020 |a 0444529136 
035 |a (OCoLC)324998295 
037 |a 179233:175595  |b Elsevier Science & Technology  |n http://www.sciencedirect.com 
040 |a OPELS  |b eng  |c OPELS  |d OPELS  |d UtOrBLW 
049 |a TXAM 
050 1 4 |a SF851  |b .B56 2002 
060 1 4 |a 2003 L-942 
060 1 4 |a SF 768  |b B615 2002 
082 0 4 |a 573.37139  |2 22 
245 0 0 |a Biology of the intestine in growing animals /  |c edited by R. Zabielski, P.C. Gregory, B. Weström ; technical editor, E. Salek. 
250 |a 1st ed. 
264 1 |a Amsterdam ;  |a Boston :  |b Elsevier,  |c 2002. 
300 |a 1 online resource. 
336 |a text  |b txt  |2 rdacontent 
337 |a computer  |b c  |2 rdamedia 
338 |a online resource  |b cr  |2 rdacarrier 
490 1 |a Biology of growing animals,  |x 1570-6222 ;  |v v. 1 
504 |a Includes bibliographical references and index. 
500 |a Electronic resource. 
650 1 2 |a Intestines  |x growth & development. 
650 1 2 |a Intestines  |x physiology. 
650 2 2 |a Animals, Domestic  |x growth & development. 
650 2 2 |a Animals, Domestic  |x physiology. 
650 6 |a Intestins. 
650 6 |a Jeunes animaux. 
650 6 |a Gastroentérologie vétérinaire. 
650 0 |a Intestines. 
650 0 |a Animals  |x Infancy. 
650 0 |a Developmental biology. 
655 7 |a Electronic books.  |2 local 
700 1 |a Zabielski, R. 
700 1 |a Gregory, P. C.  |q (Peter Colin),  |d 1948- 
700 1 |a Weström, B. 
776 1 |c Original  |z 9780444509284  |z 0444509283  |w (DLC) 2003273688  |w (OCoLC)53954252 
710 2 |a ScienceDirect (Online service) 
830 0 |a Biology of growing animals ;  |v v. 1. 
856 4 0 |u http://proxy.library.tamu.edu/login?url=https://www.sciencedirect.com/science/publication?issn=18771823&volume=1  |z Connect to the full text of this electronic book  |t 0 
994 |a 92  |b TXA 
999 |a MARS 
999 f f |s 0aa15201-d98e-35a3-a7af-9e410aa92940  |i 8af13b5a-c394-3e75-8d1f-e21073a94dd0  |t 0 
952 f f |a Texas A&M University  |b College Station  |c Electronic Resources  |s www_evans  |d Available Online  |t 0  |e SF851 .B56 2002  |h Library of Congress classification 
998 f f |a SF851 .B56 2002  |t 0  |l Available Online